Personnalités de A à Z (13) - Statistiques

Statistiques générales
  • Ce quiz a été pris 83 fois
  • Le résultat moyen est 10 sur 24
Statistiques - réponses
Par images Réponse % Correct
Roselyne {Bachelot}
97%
Sophie {Marceau}
95%
Simone {Veil}
92%
Sandrine {Kiberlain}
71%
Samuel {Umtiti}
68%
Sabine {Azéma}
64%
Sandrine {Quétier}
63%
Serge {Reggiani}
54%
Sabine {Paturel}
51%
Sophie {Favier}
50%
Simone {Weil}
49%
Rose {Laurens}
46%
Sylvie {Joly}
46%
Simone {Garnier}
37%
Renée {Zellweger}
34%
Sébastien {Ogier}
32%
Régine {Deforges}
30%
Sophie {Thalmann}
26%
Serge {Hazanavicius}
9%
Renée {Saint-Cyr}
7%
Thomas {Isle}
7%
Sophie {Edelstein}
5%
Rosalynn {Carter}
4%
Thomas {Nast}
1%
Aucun quiz correspondant
Distribution des résultats
% des personnes avec chaque résultat
Percentile par nombre de réponses
Votre historique - résultats
Vous n’avez pas pris ce quiz